000 00920nas a2200313 4500
001 BR0204672
003 BR-BrBNA
005 20231205103237.0
007 ta
008 230509b bl.|||p| |||| 00| 00por d
040 _aBR-BrBNA
_bpor
_cBiblioteca Nacional de Agricultura
041 _a(Pt)
072 _aK50
100 1 _aFreddo, A.
100 1 _aFoelkel, C.E.B.
100 1 _aFrizzo, S.M.B.
100 1 _aSilva, M.C.M.
245 1 _aElementos minerais em madeiras de eucaliptos e acácia negra e sua influência na indústria de celulose kraft branqueada
650 _aEUCALIPTO
650 _aACÁCIA NEGRA
650 _aMADEIRA
650 _aCELULOSE
650 _aMINERAL
650 _aPAPEL
650 _aCLARIFICAÇÃO
773 0 _tCiência Florestal (Brazil)
_xISSN 0103-9954
_g(Jun 1999), v. 9(1) p. 191-209
_wBR0204672
909 _a202311
_bLúcia
_c55
_dLúcia Elande
942 _2AGRIS
_n0
_cANA
999 _c171851
_d171851